Statistiken für Top-10-Singles von Katy Perry

Klicken Sie hier um das Quiz zu spielen!

Allgemein

  • Dieses Quiz wurde 98 mal gespielt
  • Das Durchschnittsergebnis liegt bei 5 aus 11

Antwortstatistiken

ErscheinungsjahrTitel% Korrekt
2008I Kissed a Girl
88%
2013Roar
81%
2010Firework
76%
2010California Gurls
66%
2008Hot'n'Cold
64%
2010Teenage Dream
59%
2013Dark Horse
51%
2011E.T.
36%
2017Chained To The Rhythm
19%
2017Feels (ft.Calvin Harris, Pharrell Williams & Big Sean)
5%
2010If We Ever Meet Again (ft. Timbaland)
3%

Verteilung der Resultate

Perzentil nach korrekt beantworteten Fragen

Anzahl Personen mit jedem Resultat

Ihre Resultats-Entwicklung

Sie haben dieses Quiz noch nicht gespielt